000 00332nam a2200145Ia 4500
008 230718s9999 xx 000 0 und d
041 _aEng.
082 _a347.549
_bBAR-T
100 _aBare Act
245 4 _aThe Limitation Act ((88
260 _aPakistan
_bNadeem law book
_c1998
300 _a245
650 _aLaw
999 _c26712
_d26712